| 000 | 00784nam a2200205 i 4500 | ||
|---|---|---|---|
| 001 | 156344 | ||
| 003 | ES-MaACL | ||
| 005 | 20250828063258.0 | ||
| 008 | 990730s1891 sp l |||| | spa d | ||
| 040 |
_aCCPB | B _bspa _cCCPB | B |
||
| 080 | _a34(8=60)"15" | ||
| 100 | 1 |
_aJiménez de la Espada, Marcos, _d1831-1898 _9222553 |
|
| 245 | 1 | 3 |
_aEl código ovandino / _cpor Marcos Jiménez de la Espada. |
| 260 |
_aMadrid : _b[s.n.], _c1891 ( _fImprenta de Manuel G. Hernández) |
||
| 300 |
_a38 p. ; _c23 cm. |
||
| 597 | _aAntep. | ||
| 650 | 0 | 4 |
_aDerecho colonial- _zAmérica española _911671 |
| 852 |
_aES-MaACL _jT-555-F-11 _z-- Enc. hol. conservando la original _z-- Dedicatoria ms. del autor al Ateneo de Madrid _z-- Enc. en un vol. facticio |
||
| 999 |
_c156344 _d156344 |
||